[Event "?"]
[Site "?"]
[Date "????.??.??"]
[Round "?"]
[White "Phillips, W."]
[Black "Wünschmann, B."]
[Result "1-0"]
[WhiteElo "1932"]
[BlackElo "1682"]
[PlyCount "76"]
[EventDate "2013.??.??"]
[WhiteTeam "England 3"]
[BlackTeam "SV Bannewitz"]

1. e4 e6 2. d4 d5 3. exd5 exd5 4. Nf3 Nf6 5. Be2 Be7 6. O-O O-O 7. c4 dxc4 8.
Bxc4 Bg4 9. Be3 Bxf3 10. Qxf3 c6 11. Nc3 Nbd7 12. Rfe1 Nb6 13. Bb3 h6 14. Rad1
Bb4 15. a3 Bxc3 16. bxc3 Nfd5 17. Bc1 Qf6 18. Qxf6 Nxf6 19. c4 Rfe8 20. Kf1
Rxe1+ 21. Rxe1 Kf8 22. a4 Re8 23. Ba3+ Kg8 24. Rxe8+ Nxe8 25. Ke2 g6 26. a5 Nc8
27. Kd3 Kg7 28. Ba4 Ned6 29. Bb2 Kf8 30. Bc1 h5 31. Bg5 a6 32. Bd1 Ke8 33. f3
Kd7 34. g4 hxg4 35. fxg4 Ke6 36. c5 f6 37. Bb3+ Ke7 38. cxd6+ Nxd6 1-0

[Event "?"]
[Site "?"]
[Date "????.??.??"]
[Round "?"]
[White "Peltola, L."]
[Black "Stavenhagen, J."]
[Result "1/2-1/2"]
[WhiteElo "2006"]
[BlackElo "2007"]
[PlyCount "72"]
[EventDate "2013.??.??"]
[WhiteTeam "Helsinki"]
[BlackTeam "Saxone"]

1. e4 c5 2. Nf3 d6 3. d4 cxd4 4. Nxd4 Nf6 5. Nc3 g6 6. Bc4 Bg7 7. Bb3 Nc6 8. f3
Bd7 9. Be3 a6 10. Qd2 h5 11. O-O-O Na5 12. Kb1 Nxb3 13. Nxb3 b5 14. Nd5 Nxd5
15. Qxd5 Be6 16. Qc6+ Bd7 17. Qd5 O-O 18. f4 Be6 19. Qd2 Rc8 20. Nd4 Qd7 21. h3
f5 22. exf5 Bxf5 23. Nxf5 Qxf5 24. Qd5+ Qxd5 25. Rxd5 Rc4 26. Rf1 Rfc8 27. Rf2
Re4 28. Bd2 Bd4 29. Rf1 Rc5 30. Rxd4 Rxd4 31. Be3 Rdd5 32. Bxc5 Rxc5 33. c3 Kf7
34. Kc2 Kf6 35. g4 hxg4 36. hxg4 a5 1/2-1/2

[Event "?"]
[Site "?"]
[Date "????.??.??"]
[Round "?"]
[White "Alter, H."]
[Black "Auvinen, E."]
[Result "0-1"]
[WhiteElo "1876"]
[BlackElo "1956"]
[PlyCount "109"]
[EventDate "2013.??.??"]
[WhiteTeam "Saxone"]
[BlackTeam "Helsinki"]

1. e4 e5 2. Nf3 Nc6 3. d4 exd4 4. Nxd4 Bc5 5. Be3 Qf6 6. c3 Nge7 7. Bc4 Qg6 8.
O-O Bxd4 9. Bxd4 Qxe4 10. Nd2 Qg6 11. Nf3 Nxd4 12. Qxd4 O-O 13. Ne5 Qf6 14.
Rae1 d6 15. Nf3 Qxd4 16. Nxd4 Ng6 17. Nb5 Bd7 18. f4 Bxb5 19. Bxb5 c6 20. Bd3
Rfe8 21. g3 Kf8 22. Kf2 Rxe1 23. Rxe1 Re8 24. Rd1 d5 25. c4 Rd8 26. c5 h6 27.
h4 Re8 28. b4 Ke7 29. a4 Kd8 30. b5 Kc7 31. Kf3 Nf8 32. a5 Nd7 33. Rc1 cxb5 34.
Bxb5 Re7 35. c6 Nf6 36. cxb7+ Kxb7 37. a6+ Kb6 38. Bd3 Rc7 39. Rb1+ Kc6 40. Ke3
Nd7 41. Kd4 Nb6 42. Rc1+ Nc4 43. Bxc4 Kd6 44. Rc3 Rxc4+ 45. Rxc4 dxc4 46. Kxc4
Kc6 47. g4 Kb6 48. Kd5 Kxa6 49. Kd6 Kb6 50. Ke7 a5 51. Kxf7 a4 52. Kxg7 a3 53.
f5 a2 54. Kxh6 a1=Q 55. Kg5 0-1

[Event "?"]
[Site "?"]
[Date "????.??.??"]
[Round "?"]
[White "Patola, E."]
[Black "Francke, D."]
[Result "1/2-1/2"]
[WhiteElo "1947"]
[BlackElo "1722"]
[PlyCount "101"]
[EventDate "2013.??.??"]
[WhiteTeam "Helsinki"]
[BlackTeam "Saxone"]

1. e4 c5 2. c4 Nc6 3. Nc3 d6 4. g3 g6 5. Bg2 Bg7 6. d3 Nf6 7. Nge2 Nd4 8. Nxd4
cxd4 9. Ne2 e5 10. O-O O-O 11. h3 a5 12. f4 Nd7 13. f5 Nc5 14. Rb1 Bd7 15. a3
b5 16. b4 axb4 17. axb4 Na4 18. g4 Rc8 19. Ra1 Nb6 20. c5 dxc5 21. bxc5 Na4 22.
Ba3 Bc6 23. Qd2 Qh4 24. g5 f6 25. gxf6 Rxf6 26. Qe1 Qxe1 27. Raxe1 gxf5 28.
exf5 Bxg2 29. Kxg2 Nxc5 30. Rc1 Rfc6 31. f6 Bf8 32. Bxc5 Rxc5 33. Rxc5 Rxc5 34.
Kf3 b4 35. Ke4 b3 36. Rb1 Rc2 37. Ng3 b2 38. Nf5 Ba3 39. Nh6+ Kf8 40. Rg1 Ke8
41. f7+ Kd7 42. Rb1 Ke6 43. Ng4 h5 44. Nxe5 Rd2 45. Kxd4 Re2 46. f8=Q Bxf8 47.
Rxb2 Bc5+ 48. Kc4 Be3 49. d4 Rg2 50. Re2 Rg3 51. Kd3 1/2-1/2

[Event "?"]
[Site "?"]
[Date "????.??.??"]
[Round "?"]
[White "Zanger, Konrad"]
[Black "Lyly, Seppo"]
[Result "0-1"]
[WhiteElo "1817"]
[BlackElo "1893"]
[PlyCount "74"]
[EventDate "2013.??.??"]
[WhiteTeam "Saxone"]
[BlackTeam "Helsinki"]

1. d4 Nf6 2. c4 g6 3. e3 Bg7 4. Nc3 O-O 5. Nf3 d5 6. b3 c5 7. Be2 cxd4 8. exd4
Nc6 9. Be3 dxc4 10. bxc4 Ng4 11. O-O Nxe3 12. fxe3 Bh6 13. Qc1 Bg4 14. Rd1 Rc8
15. Ne5 Bxe2 16. Nxc6 Rxc6 17. Nxe2 Qc7 18. c5 Rc8 19. Qa3 b6 20. cxb6 axb6 21.
Rac1 Qd6 22. Rxc6 Qxa3 23. Rxc8+ Kg7 24. Rc3 Bxe3+ 25. Kf1 Qa4 26. Rcd3 Bg5 27.
Nc3 Qc4 28. Kf2 Bf6 29. Ne2 Qxa2 30. g3 e6 31. R3d2 Qd5 32. Nf4 Qc4 33. h4 e5
34. dxe5 Bxe5 35. Ne2 Qg4 36. Kg2 h5 37. Rc2 Qe4+ 0-1

[Event "?"]
[Site "?"]
[Date "????.??.??"]
[Round "?"]
[White "Wicklund-Hansen, R."]
[Black "Schutze, H."]
[Result "0-1"]
[WhiteElo "1864"]
[BlackElo "2070"]
[PlyCount "90"]
[EventDate "2013.??.??"]
[WhiteTeam "Norwegen 3"]
[BlackTeam "Dänemark 2"]

1. e4 c5 2. d3 Nc6 3. Nf3 e6 4. g3 Be7 5. Bg2 h5 6. h4 d6 7. Bg5 Nf6 8. Nbd2
Rb8 9. a4 a6 10. O-O Ng4 11. Bxe7 Qxe7 12. Nc4 b5 13. axb5 axb5 14. Na5 Bd7 15.
d4 O-O 16. dxc5 dxc5 17. Qd2 f6 18. Rfd1 Rfd8 19. Qd6 Qxd6 20. Rxd6 Nxa5 21.
Rxa5 Kf8 22. Rd1 Bc6 23. Re1 Ra8 24. Rxa8 Rxa8 25. e5 Ke7 26. exf6+ gxf6 27. b4
Ra3 28. Nh2 Bxg2 29. Kxg2 Nxh2 30. Kxh2 cxb4 31. Rb1 Ra4 32. Rb3 Kd6 33. f3 Ra2
34. Rxb4 Rxc2+ 35. Kh3 Kc5 36. Re4 e5 37. g4 Rc3 38. g5 Kd5 39. Kg2 Rc6 40.
gxf6 Rxf6 41. Re1 b4 42. Rd1+ Kc4 43. Rd8 Rb6 44. Kf2 b3 45. Rc8+ Kb4 0-1

[Event "?"]
[Site "?"]
[Date "????.??.??"]
[Round "?"]
[White "Poulsen, H."]
[Black "Nilsen, K."]
[Result "1/2-1/2"]
[WhiteElo "1853"]
[BlackElo "1885"]
[PlyCount "49"]
[EventDate "2013.??.??"]
[WhiteTeam "Dänemark 2"]
[BlackTeam "Norwegen 3"]

1. c4 Nf6 2. g3 e6 3. Bg2 d5 4. d4 c6 5. Nf3 Bb4+ 6. Bd2 Bxd2+ 7. Nbxd2 O-O 8.
O-O Nbd7 9. Rc1 Re8 10. Qc2 Qe7 11. e3 b6 12. Rfe1 Bb7 13. Ne5 Rac8 14. f4 Nxe5
15. fxe5 Ng4 16. Bf3 Nh6 17. Qd3 Red8 18. cxd5 cxd5 19. a3 Nf5 20. Bg4 g6 21.
Bxf5 gxf5 22. Nf3 Qf8 23. Qd2 Ba6 24. Rxc8 Rxc8 25. Rc1 1/2-1/2

[Event "?"]
[Site "?"]
[Date "????.??.??"]
[Round "?"]
[White "Kverndal, L."]
[Black "Thygesen, E."]
[Result "1-0"]
[WhiteElo "1843"]
[BlackElo "2105"]
[PlyCount "23"]
[EventDate "2013.??.??"]
[WhiteTeam "Norwegen 3"]
[BlackTeam "Dänemark 2"]

1. d4 Nf6 2. Nf3 g6 3. g3 Bg7 4. c4 d5 5. Bg2 O-O 6. cxd5 Nxd5 7. e4 Nb6 8. O-O
Bg4 9. Be3 c5 10. e5 cxd4 11. Qxd4 Nc6 12. Qxg4 1-0

[Event "?"]
[Site "?"]
[Date "????.??.??"]
[Round "?"]
[White "Nielsen, P."]
[Black "Birkestrand, O."]
[Result "1/2-1/2"]
[WhiteElo "1753"]
[BlackElo "1823"]
[PlyCount "26"]
[EventDate "2013.??.??"]
[WhiteTeam "Dänemark 2"]
[BlackTeam "Norwegen 3"]

1. e4 e5 2. Nf3 Nc6 3. d4 exd4 4. Bc4 Nf6 5. e5 d5 6. Bb5 Nd7 7. O-O Be7 8.
Bxc6 bxc6 9. Nxd4 Bb7 10. e6 Nf6 11. exf7+ Kxf7 12. Bf4 Bd6 13. Bxd6 Qxd6
1/2-1/2

[Event "?"]
[Site "?"]
[Date "????.??.??"]
[Round "?"]
[White "Ehlert, J."]
[Black "Baumgarten, W."]
[Result "*"]
[WhiteElo "1984"]
[BlackElo "1956"]
[PlyCount "30"]
[EventDate "2013.??.??"]
[WhiteTeam "BSW/DBAG 4"]
[BlackTeam "BSW/DBAG 2"]

1. e4 e5 2. Nf3 Nc6 3. Bb5 a6 4. Ba4 Nf6 5. O-O b5 6. Bb3 Be7 7. d3 O-O 8. c3
d6 9. h3 Bb7 10. Re1 Na5 11. Bc2 c5 12. Nbd2 Rc8 13. Nf1 Nc6 14. Ne3 Rc7 15.
Nf5 Bc8 *

[Event "?"]
[Site "?"]
[Date "????.??.??"]
[Round "?"]
[White "Neudel, B."]
[Black "Kalmutzki, M."]
[Result "1/2-1/2"]
[WhiteElo "1887"]
[BlackElo "1930"]
[PlyCount "24"]
[EventDate "2013.??.??"]
[WhiteTeam "BSW/DBAG 2"]
[BlackTeam "BSW/DBAG 4"]

1. d4 d5 2. Nf3 e6 3. c4 c6 4. e3 f5 5. Nc3 Bd6 6. b3 Nf6 7. Bb2 O-O 8. Be2
Nbd7 9. Ng5 Qe7 10. f4 Ne4 11. Nf3 Ndf6 12. O-O Bd7 1/2-1/2

[Event "?"]
[Site "?"]
[Date "????.??.??"]
[Round "?"]
[White "Scholze, R."]
[Black "Hasivar, G."]
[Result "1/2-1/2"]
[WhiteElo "1956"]
[BlackElo "1687"]
[PlyCount "34"]
[EventDate "2013.??.??"]
[WhiteTeam "BSW/DBAG 4"]
[BlackTeam "BSW/DBAG 2"]

1. e4 c5 2. Nf3 Nc6 3. d4 cxd4 4. Nxd4 Nxd4 5. Qxd4 d6 6. Nc3 Bd7 7. Be3 e5 8.
Qd2 Nf6 9. f3 Be7 10. Bc4 O-O 11. O-O Bc6 12. Rad1 Qc7 13. Qf2 b6 14. Bb3 Rfd8
15. Nd5 Nxd5 16. Bxd5 Bxd5 17. Rxd5 Qc4 1/2-1/2

[Event "?"]
[Site "?"]
[Date "????.??.??"]
[Round "?"]
[White "Ollek, K."]
[Black "Gafke, M."]
[Result "1/2-1/2"]
[WhiteElo "1735"]
[BlackElo "1887"]
[PlyCount "34"]
[EventDate "2013.??.??"]
[WhiteTeam "BSW/DBAG 2"]
[BlackTeam "BSW/DBAG 4"]

1. Nf3 d5 2. d4 Nf6 3. Bg5 e6 4. e3 Nbd7 5. c4 c6 6. Nbd2 Be7 7. cxd5 exd5 8.
Bd3 h6 9. Bf4 O-O 10. O-O Nh5 11. Be5 Nxe5 12. Nxe5 Nf6 13. Rc1 Bd6 14. Ndf3
Re8 15. Qc2 Qc7 16. e4 dxe4 17. Bxe4 Nd5 1/2-1/2

[Event "?"]
[Site "?"]
[Date "????.??.??"]
[Round "?"]
[White "Sager, B."]
[Black "Andersson, S."]
[Result "1/2-1/2"]
[WhiteElo "1927"]
[BlackElo "1987"]
[PlyCount "43"]
[EventDate "2013.??.??"]
[WhiteTeam "Rochade MV"]
[BlackTeam "Schweden 4"]

1. d4 Nf6 2. Nf3 g6 3. g3 Bg7 4. Bg2 d5 5. O-O O-O 6. Re1 Ne4 7. Bf4 h6 8. c3
Kh7 9. Nbd2 g5 10. Be3 f5 11. Qc2 c6 12. Ne5 Nd7 13. Nd3 e5 14. dxe5 Nxe5 15.
f3 Nxd2 16. Bxd2 Qb6+ 17. e3 Kg8 18. Nxe5 Bxe5 19. Kh1 Bd7 20. Rad1 Rae8 21. c4
dxc4 22. Bc3 1/2-1/2

[Event "?"]
[Site "?"]
[Date "????.??.??"]
[Round "?"]
[White "Sandklef, A."]
[Black "Fleischer, M."]
[Result "0-1"]
[WhiteElo "1975"]
[BlackElo "1912"]
[PlyCount "26"]
[EventDate "2013.??.??"]
[WhiteTeam "Schweden 4"]
[BlackTeam "Rochade MV"]

1. d4 e6 2. c4 d5 3. Nf3 dxc4 4. e3 Bb4+ 5. Bd2 Bd6 6. Bxc4 c6 7. Nc3 Nd7 8. e4
b5 9. Bb3 Bb7 10. O-O Ne7 11. Bc2 Nf6 12. e5 Ng4 13. Ng5 c5 0-1

[Event "?"]
[Site "?"]
[Date "????.??.??"]
[Round "?"]
[White "Micheel, P."]
[Black "Nordenstrom, S."]
[Result "1/2-1/2"]
[WhiteElo "1926"]
[BlackElo "1929"]
[PlyCount "39"]
[EventDate "2013.??.??"]
[WhiteTeam "Rochade MV"]
[BlackTeam "Schweden 4"]

1. e4 c5 2. c3 d5 3. exd5 Qxd5 4. d4 Nc6 5. Nf3 Nf6 6. Be2 cxd4 7. cxd4 e6 8.
Nc3 Qd8 9. O-O Be7 10. Bf4 a6 11. Qd2 O-O 12. Rfd1 b5 13. d5 exd5 14. Nxd5 Nxd5
15. Qxd5 Qxd5 16. Rxd5 Be6 17. Rdd1 Bf6 18. Rac1 Rac8 19. b3 h6 20. h3 1/2-1/2

[Event "?"]
[Site "?"]
[Date "????.??.??"]
[Round "?"]
[White "Nyberg, B."]
[Black "Kundt, G."]
[Result "1-0"]
[WhiteElo "1856"]
[BlackElo "1512"]
[PlyCount "103"]
[EventDate "2013.??.??"]
[WhiteTeam "Schweden 4"]
[BlackTeam "Rochade MV"]

1. d4 Nf6 2. Bf4 d5 3. e3 c6 4. c3 Bf5 5. Nd2 e6 6. Ngf3 Be7 7. Ne5 O-O 8. h4
Nbd7 9. g4 Nxe5 10. gxf5 Nc4 11. Nxc4 dxc4 12. fxe6 fxe6 13. Bxc4 Nd5 14. Qg4
Kh8 15. O-O-O Nxf4 16. exf4 Qc7 17. Kb1 Qxf4 18. Qxe6 Qf5+ 19. Qxf5 Rxf5 20.
Rde1 Bf6 21. Re2 Rf8 22. h5 Rf4 23. Bd3 Bg5 24. Rh2 h6 25. Be4 Bh4 26. f3 Bg5
27. Kc2 Kg8 28. b4 Kf7 29. d5 cxd5 30. Bxd5+ Kf6 31. Bxb7 Rh4 32. Bc6 Rxh2 33.
Rxh2 g6 34. hxg6 Kxg6 35. b5 Rf4 36. Be4+ Kf6 37. a4 Rh4 38. Rxh4 Bxh4 39. Kd3
Ke5 40. a5 Bf2 41. Bg6 Kf4 42. Bh5 Kg5 43. Kc4 Kxh5 44. b6 axb6 45. a6 b5+ 46.
Kxb5 Kg5 47. c4 Ba7 48. c5 Kf5 49. c6 Ke6 50. f4 Kd6 51. f5 Ke5 52. c7 1-0

[Event "?"]
[Site "?"]
[Date "????.??.??"]
[Round "?"]
[White "Kempe, R."]
[Black "Westphal, N."]
[Result "1/2-1/2"]
[WhiteElo "1885"]
[BlackElo "1900"]
[PlyCount "77"]
[EventDate "2013.??.??"]
[WhiteTeam "VS Seniorenschachklub DD"]
[BlackTeam "BSV Chemie Radebeul"]

1. e4 Nf6 2. e5 Nd5 3. c4 Nb6 4. d4 d6 5. exd6 Qxd6 6. Be2 Qg6 7. Bf3 c6 8. Nd2
Bf5 9. Qb3 Bc2 10. Qe3 N8d7 11. Ne2 e5 12. O-O Qd3 13. b3 Bb4 14. Be4 Qxe3 15.
fxe3 Bxe4 16. Nxe4 Be7 17. Bb2 exd4 18. Nxd4 Nf6 19. Ng3 Nbd7 20. Ndf5 Bf8 21.
Rad1 O-O-O 22. Nd6+ Bxd6 23. Rxd6 Ne8 24. Rd2 f6 25. Rfd1 Rf8 26. Ne4 b6 27. c5
Rf7 28. cxb6 axb6 29. Ba3 h6 30. Rd4 f5 31. Nd6+ Nxd6 32. Rxd6 Kc7 33. Bb2 Ra8
34. a3 Re8 35. Kf2 Nc5 36. Rg6 Ree7 37. b4 Ne4+ 38. Kf3 Ng5+ 39. Kf2 1/2-1/2

[Event "?"]
[Site "?"]
[Date "????.??.??"]
[Round "?"]
[White "Richter, A."]
[Black "Bisse, V."]
[Result "0-1"]
[WhiteElo "1673"]
[BlackElo "1967"]
[PlyCount "100"]
[EventDate "2013.??.??"]
[WhiteTeam "BSV Chemie Radebeul"]
[BlackTeam "VS Seniorenschachklub DD"]

1. d4 d5 2. c4 c6 3. Nc3 e6 4. e4 dxe4 5. Nxe4 Nf6 6. Nxf6+ Qxf6 7. Nf3 Nd7 8.
Bg5 Bb4+ 9. Bd2 Bxd2+ 10. Qxd2 O-O 11. Bd3 e5 12. O-O exd4 13. b4 Rd8 14. Rfe1
Nf8 15. Re4 Ng6 16. Rd1 Bf5 17. Rxd4 Rxd4 18. Nxd4 Bxd3 19. Qxd3 Rd8 20. Qe3 a5
21. a3 axb4 22. axb4 Qe5 23. Qxe5 Nxe5 24. c5 Rd7 25. f3 g6 26. Kf1 Rd5 27. Ke1
Kf8 28. Nc2 Nd3+ 29. Kf1 Nxb4 30. Rxd5 Nxd5 31. Nd4 Ke8 32. Ke2 Kd7 33. g3 b6
34. cxb6 Nxb6 35. Ke3 Kd6 36. Kf4 h6 37. Ke4 f5+ 38. Kd3 Kd5 39. Ne2 g5 40. h3
Nd7 41. f4 Nc5+ 42. Ke3 Ne6 43. fxg5 hxg5 44. h4 gxh4 45. gxh4 Ke5 46. h5 c5
47. Kd3 Kf6 48. h6 f4 49. Nxf4 Nxf4+ 50. Kc4 Ne6 0-1

[Event "?"]
[Site "?"]
[Date "????.??.??"]
[Round "?"]
[White "Kothe, H."]
[Black "Ritter, F."]
[Result "0-1"]
[WhiteElo "1754"]
[BlackElo "1660"]
[PlyCount "100"]
[EventDate "2013.??.??"]
[WhiteTeam "VS Seniorenschachklub DD"]
[BlackTeam "BSV Chemie Radebeul"]

1. e4 Nc6 2. d4 d5 3. e5 Bf5 4. c3 e6 5. Bd3 Bxd3 6. Qxd3 Be7 7. Ne2 Qd7 8. O-O
f6 9. exf6 Bxf6 10. f4 Nge7 11. Nd2 O-O-O 12. Nf3 Ng6 13. b4 Rdf8 14. a4 Nh4
15. Nxh4 Bxh4 16. g3 Be7 17. a5 Bd6 18. b5 Ne7 19. Ba3 Nf5 20. c4 dxc4 21. Qe4
Bxa3 22. Rxa3 Nd6 23. Qe3 Nxb5 24. Ra2 a6 25. Rc1 Qd5 26. Rac2 Nd6 27. Qa3 Rd8
28. Qc5 Kb8 29. Nc3 Qxc5 30. dxc5 Nb5 31. Ne4 Nd4 32. Rb2 Nb5 33. Rxc4 Rd1+ 34.
Kf2 Rhd8 35. Rcc2 Ra1 36. c6 Rxa5 37. cxb7 Nd4 38. Rc5 Rb5 39. Rd2 Kxb7 40.
Rxb5+ axb5 41. Ng5 c5 42. g4 h6 43. Ne4 Kc6 44. Ke3 b4 45. Ra2 Rd7 46. h4 b3
47. Rb2 Nc2+ 48. Ke2 c4 49. Nc3 Rd4 50. Kf3 Rd3+ 0-1

[Event "?"]
[Site "?"]
[Date "????.??.??"]
[Round "?"]
[White "Portsch, C."]
[Black "Hesse, M."]
[Result "0-1"]
[WhiteElo "1588"]
[BlackElo "2014"]
[PlyCount "60"]
[EventDate "2013.??.??"]
[WhiteTeam "BSV Chemie Radebeul"]
[BlackTeam "VS Seniorenschachklub DD"]

1. d4 Nf6 2. c4 g6 3. Nc3 Bg7 4. Nf3 d5 5. e3 O-O 6. Bd3 e6 7. O-O b6 8. Bd2
Bb7 9. Rc1 dxc4 10. Bxc4 Nbd7 11. Rc2 c5 12. Qe2 a6 13. a3 Qe7 14. Ne5 Rfe8 15.
Rd1 b5 16. Ba2 c4 17. e4 Nxe5 18. dxe5 Nd7 19. f4 Nc5 20. Be3 Nxe4 21. Nxe4
Bxe4 22. Rcd2 Bd5 23. Qf2 Rec8 24. Bd4 Qb7 25. Bb1 a5 26. Bb6 c3 27. bxc3 Rxc3
28. Be4 Rc6 29. Bxd5 exd5 30. Rxd5 Qxb6 0-1